000 00182 a2200097 4500
020 _a9780881064506
041 _aeng
100 _aPallotta,Jerry
245 _aThe Icky Bug
942 _cBK
999 _c8371
_d8371